Legacy / (Record no. 1527)

MARC details
000 -LEADER
fixed length control field 00669nam a22002057a 4500
005 - DATE AND TIME OF LATEST TRANSACTION
control field 20230303020005.0
008 - FIXED-LENGTH DATA ELEMENTS--GENERAL INFORMATION
fixed length control field 230303b |||||||| |||| 00| 0 eng d
020 ## - INTERNATIONAL STANDARD BOOK NUMBER
International Standard Book Number 978-0-55215-896-1
082 ## - DEWEY DECIMAL CLASSIFICATION NUMBER
Classification number Fic. St813l 2011
100 ## - MAIN ENTRY--PERSONAL NAME
Personal name Steel, Danielle
Relator term author
245 ## - TITLE STATEMENT
Title Legacy /
Statement of responsibility, etc. Danielle Steel
260 ## - PUBLICATION, DISTRIBUTION, ETC.
Place of publication, distribution, etc. [London]:
Name of publisher, distributor, etc. Corgi Books,
Date of publication, distribution, etc. c2011.
300 ## - PHYSICAL DESCRIPTION
Extent 429p.;
541 ## - IMMEDIATE SOURCE OF ACQUISITION NOTE
Accession number 5562
650 ## - SUBJECT ADDED ENTRY--TOPICAL TERM
Topical term or geographic name entry element Genealogy - Fiction
650 ## - SUBJECT ADDED ENTRY--TOPICAL TERM
Topical term or geographic name entry element Family secrets - Fiction
650 ## - SUBJECT ADDED ENTRY--TOPICAL TERM
Topical term or geographic name entry element Indians of North America - South Dakota - History - 18th century - Fiction
650 ## - SUBJECT ADDED ENTRY--TOPICAL TERM
Topical term or geographic name entry element France - Court and countries - History - 18th century - Fiction
650 ## - SUBJECT ADDED ENTRY--TOPICAL TERM
Topical term or geographic name entry element Indian women - Fiction
Holdings
Withdrawn status Lost status Source of classification or shelving scheme Damaged status Not for loan Home library Current library Date acquired Total Checkouts Full call number Barcode Date last seen Copy number Price effective from Koha item type
    Dewey Decimal Classification     ctu-moalboal ctu-moalboal 12/03/2018   Fic. St813l 2011 5562 03/03/2023 1 03/03/2023 Books-Fiction